| 000 -LEADER |
| fixed length control field |
00722nam a2200205Ia 4500 |
| 001 - CONTROL NUMBER |
| control field |
14712 |
| 003 - CONTROL NUMBER IDENTIFIER |
| control field |
GE_BSU |
| 008 - FIXED-LENGTH DATA ELEMENTS--GENERAL INFORMATION |
| fixed length control field |
181216s||||||||xx |||||||||||||| ||und|| |
| 040 ## - CATALOGING SOURCE |
| Transcribing agency |
GE_BSU |
| 080 ## - UNIVERSAL DECIMAL CLASSIFICATION NUMBER |
| Universal Decimal Classification number |
621.313.001(075.8) |
| 100 ## - MAIN ENTRY--PERSONAL NAME |
| Personal name |
Сергеев,П.С. Виниградов,Н.В. Горяинов,Ф.А. |
| 245 ## - TITLE STATEMENT |
| Title |
Проектирование электрических машин. |
| 245 ## - TITLE STATEMENT |
| Statement of responsibility, etc. |
Под Ред. П.С.Сергеева; Ред. А.И.Абрамов. |
| 250 ## - EDITION STATEMENT |
| Edition statement |
Изд 3-ое, перераб.и доп. |
| 260 ## - PUBLICATION, DISTRIBUTION, ETC. |
| Place of publication, distribution, etc. |
М. |
| 260 ## - PUBLICATION, DISTRIBUTION, ETC. |
| Name of publisher, distributor, etc. |
Энергия. |
| 300 ## - PHYSICAL DESCRIPTION |
| Extent |
632 стр. 26 см. с илл. |
| 653 ## - INDEX TERM--UNCONTROLLED |
| Uncontrolled term |
Проектирование электрических машин. |
| 942 ## - ADDED ENTRY ELEMENTS (KOHA) |
| Koha item type |
წიგნი |